Business Ethics and Corporate Governance (Record no. 60410)
[ view plain ]
| 000 -LEADER | |
|---|---|
| fixed length control field | 00620nam a22002297a 4500 |
| 005 - DATE & TIME | |
| control field | 20260220111829.0 |
| 008 - FIXED-LENGTH DATA ELEMENTS--GENERAL INFORMATION | |
| fixed length control field | 260220b |||||||| |||| 00| 0 eng d |
| 020 ## - ISBN | |
| International Standard Book Number | 9789395456098 |
| Price | 400.00 |
| 040 ## - CATALOGING SOURCE | |
| Original cataloging agency | Doon University |
| 041 ## - Language | |
| Language | English |
| 082 ## - DDC NUMBER | |
| Classification number | 174.4 |
| Book Number | GOS |
| 100 ## - MAIN ENTRY--PERSONAL NAME | |
| Personal name | Goswami, Indrajit |
| 245 ## - TITLE STATEMENT | |
| Title | Business Ethics and Corporate Governance |
| 260 ## - PUBLICATION, DISTRIBUTION, ETC. (IMPRINT) | |
| Place of publication, distribution, etc | Lunawada |
| Name of publisher, distributor, etc | Red Shine |
| Date of publication, distribution, etc | 2022 |
| 300 ## - PHYSICAL DESCRIPTION | |
| Pages | 237 |
| 650 ## - Subject | |
| Subject | Commerce |
| 700 ## - Added Entry Personal Name | |
| Added Entry Personal Name | Saravanan, S. |
| 700 ## - Added Entry Personal Name | |
| Added Entry Personal Name | Prasad, Sanjay |
| 700 ## - Added Entry Personal Name | |
| Added Entry Personal Name | Malusare, Lalita Babulal |
| 700 ## - Added Entry Personal Name | |
| Added Entry Personal Name | Choudhary, Pankaj |
| 942 ## - ADDED ENTRY ELEMENTS (KOHA) | |
| Koha item type | Books |
| 100 ## - MAIN ENTRY--PERSONAL NAME | |
| -- | 26354 |
| 700 ## - Added Entry Personal Name | |
| -- | 26355 |
| 700 ## - Added Entry Personal Name | |
| -- | 26356 |
| 700 ## - Added Entry Personal Name | |
| -- | 26357 |
| 700 ## - Added Entry Personal Name | |
| -- | 26358 |
| 952 ## - LOCATION AND ITEM INFORMATION (KOHA) | |
| -- | 2026-02-20 |
| 952 ## - LOCATION AND ITEM INFORMATION (KOHA) | |
| -- | 2026-02-20 |
| 952 ## - LOCATION AND ITEM INFORMATION (KOHA) | |
| -- | 2026-02-20 |
| 952 ## - LOCATION AND ITEM INFORMATION (KOHA) | |
| -- | 2026-02-20 |
| 952 ## - LOCATION AND ITEM INFORMATION (KOHA) | |
| -- | 2026-02-20 |
| 952 ## - LOCATION AND ITEM INFORMATION (KOHA) | |
| -- | 2026-02-20 |
| 952 ## - LOCATION AND ITEM INFORMATION (KOHA) | |
| -- | 2026-02-20 |
| 952 ## - LOCATION AND ITEM INFORMATION (KOHA) | |
| -- | 2026-02-20 |
| 952 ## - LOCATION AND ITEM INFORMATION (KOHA) | |
| -- | 2026-02-20 |
| 952 ## - LOCATION AND ITEM INFORMATION (KOHA) | |
| -- | 2026-02-20 |
| Withdrawn status | Lost status | Source of classification or shelving scheme | Damaged status | Not for loan | Location (home branch) | Sublocation or collection (holding branch) | Date acquired | Koha full call number | Accession No. | Koha date last seen | Koha item type | Koha issues (times borrowed) |
|---|---|---|---|---|---|---|---|---|---|---|---|---|
| Not For Loan | Doon University | Doon University | 20.02.2026 | 174.4 GOS | 52901 | 20.02.2026 | Reference | |||||
| Doon University | Doon University | 20.02.2026 | 174.4 GOS | 52902 | 20.02.2026 | Books | ||||||
| Doon University | Doon University | 20.02.2026 | 174.4 GOS | 52903 | 20.02.2026 | Books | ||||||
| Doon University | Doon University | 20.02.2026 | 174.4 GOS | 52904 | 20.02.2026 | Books | ||||||
| Doon University | Doon University | 20.02.2026 | 174.4 GOS | 52905 | 20.02.2026 | Books | ||||||
| Doon University | Doon University | 20.02.2026 | 174.4 GOS | 52906 | 20.02.2026 | Books | ||||||
| Doon University | Doon University | 20.02.2026 | 174.4 GOS | 52907 | 20.02.2026 | Books | ||||||
| Doon University | Doon University | 20.02.2026 | 174.4 GOS | 52908 | 20.02.2026 | Books | ||||||
| Doon University | Doon University | 20.02.2026 | 174.4 GOS | 52909 | 20.02.2026 | Books | ||||||
| Doon University | Doon University | 20.02.2026 | 174.4 GOS | 52910 | 20.02.2026 | Books |